000 00535nam a22002057a 4500
999 _c17577
_d17577
003 OSt
005 20190529105433.0
008 190529b ||||| |||| 00| 0 eng d
020 _a9780558465285
020 _a0558465285
040 _aSEKU
050 _aHB 171.5
_b.P43
110 _aPearson Custom
245 _aPearson Custom :
_beconomics /
_cPearson Custom.
260 _aNew York :
_bPearson Learning Solutions,
_c2010.
300 _a238 p. :
_bill.
504 _aIncludes index.
650 _aEconomics
942 _2lcc
_cGEN